[Event "SR 1. liga zapad 2015/2016"]
[Site "?"]
[Date "2015.12.12"]
[Round "5.4"]
[White "Schwarz, Dusan"]
[Black "Maslik, Miroslav"]
[Result "0-1"]
[WhiteElo "2297"]
[BlackElo "2341"]
[PlyCount "86"]
[EventDate "2015.??.??"]

1. d4 Nf6 2. c4 g6 3. Nc3 d5 4. cxd5 Nxd5 5. e4 Nxc3 6. bxc3 Bg7 7. Be3 c5 8.
Qd2 Qa5 9. Rc1 O-O 10. Nf3 Rd8 11. d5 Nc6 12. Be2 e6 13. O-O exd5 14. exd5 Ne7
15. c4 Qxd2 16. Nxd2 b6 17. Ne4 h6 18. Bd3 Nf5 19. Bf4 Nd4 20. Rfe1 Bf5 21. f3
g5 22. Bd2 Re8 23. Kf2 Bg6 24. h4 gxh4 25. Bc3 Be5 26. Kf1 h3 27. Nf2 h2 28.
Bxg6 fxg6 29. Bxd4 cxd4 30. g4 d3 31. Rcd1 Bg3 32. Kg2 Rxe1 33. Rxe1 d2 34. Rd1
Bxf2 35. Kxf2 Re8 36. d6 Kf7 37. d7 Rd8 38. Kg2 Rxd7 39. Kxh2 Kf6 40. Kg3 h5
41. a4 a5 42. f4 hxg4 43. Kxg4 Rd3 0-1

[Event "SR 1. liga zapad 2015/2016"]
[Site "?"]
[Date "2015.12.12"]
[Round "5.4"]
[White "Balogh, Tomas"]
[Black "Macko, Peter"]
[Result "1-0"]
[WhiteElo "2333"]
[BlackElo "2136"]
[PlyCount "103"]
[EventDate "2015.??.??"]

1. d4 Nf6 2. Nf3 c5 3. e3 e6 4. b3 cxd4 5. exd4 d5 6. Bd3 Be7 7. Nbd2 O-O 8.
O-O Qa5 9. a3 Bd7 10. Bb2 Bb5 11. c4 dxc4 12. bxc4 Ba6 13. Qe2 Nbd7 14. Rfc1
Rfe8 15. Bc3 Qh5 16. Bb4 Nf8 17. Ne4 Ng6 18. Bd2 Rac8 19. Ng3 Qg4 20. h3 Nf4
21. hxg4 Nxe2+ 22. Bxe2 Nxg4 23. Ne5 Nxe5 24. dxe5 Bc5 25. Ne4 Red8 26. Bg5 Rd7
27. Nxc5 Rxc5 28. Rd1 Rxd1+ 29. Rxd1 f6 30. Bf4 Bxc4 31. Be3 Rc7 32. Bxc4 Rxc4
33. Rd8+ Kf7 34. Rd7+ Kg6 35. Rxb7 a6 36. Rb4 Rc3 37. Ra4 Rc6 38. Ra5 fxe5 39.
Rxe5 Kf6 40. Ra5 e5 41. g4 Ke6 42. Kg2 Kf6 43. Kf3 Ke6 44. Rc5 Rd6 45. Ke4 Kf6
46. Rxe5 Rc6 47. Bd4 Kf7 48. Rf5+ Kg6 49. f4 h6 50. Rc5 Rd6 51. Be5 Rb6 52. Rc7
1-0

[Event "SR 1. liga zapad 2015/2016"]
[Site "?"]
[Date "2015.12.12"]
[Round "5.4"]
[White "Lecky, Juraj"]
[Black "Sahidi, Samir"]
[Result "0-1"]
[WhiteElo "2040"]
[BlackElo "2191"]
[PlyCount "56"]
[EventDate "2015.??.??"]

1. e4 c5 2. Nf3 e6 3. d4 cxd4 4. Nxd4 a6 5. Nc3 d6 6. Bc4 b5 7. Bb3 Bb7 8. O-O
Nf6 9. Re1 Nbd7 10. Bxe6 fxe6 11. Nxe6 Qc8 12. Nd5 Bxd5 13. exd5 Kf7 14. Qe2 h6
15. b3 Qc3 16. Nf4 Re8 17. Be3 Nc5 18. a4 bxa4 19. bxa4 g5 20. Nh5 Bg7 21. Qf3
g4 22. Qf5 Re5 23. Qf4 Rxh5 24. Bd4 Rf5 25. Qxf5 Qxd4 26. Rad1 Qxa4 27. Re6 Qd7
28. Rde1 Re8 0-1

[Event "SR 1. liga zapad 2015/2016"]
[Site "?"]
[Date "2015.12.12"]
[Round "5.4"]
[White "Macko, Miroslav"]
[Black "Lintner, Igor Ml"]
[Result "1-0"]
[WhiteElo "2123"]
[BlackElo "2103"]
[PlyCount "93"]
[EventDate "2015.??.??"]

1. e4 c5 2. Nf3 e6 3. d4 cxd4 4. Nxd4 a6 5. Nc3 d6 6. Be3 Nf6 7. Be2 Qc7 8. a3
Nbd7 9. g4 h6 10. h4 b5 11. Rg1 Bb7 12. f3 g6 13. g5 hxg5 14. hxg5 Ng8 15. Qd2
Ne7 16. Ndxb5 axb5 17. Nxb5 Qb8 18. Nxd6+ Qxd6 19. Qxd6 Nd5 20. Qxf8+ Kxf8 21.
exd5 Bxd5 22. c4 Bb7 23. Kf2 Rh2+ 24. Rg2 Rh3 25. Bf4 Ke7 26. Rh2 Rah8 27. Rah1
Rxh2+ 28. Rxh2 Rc8 29. Rh1 e5 30. Be3 f5 31. Rh7+ Ke6 32. Rg7 f4 33. Bd2 e4 34.
fxe4 Bxe4 35. Bg4+ Bf5 36. Rxg6+ Ke5 37. Bc3+ Ke4 38. Bf3+ Kd3 39. Rd6+ Kxc4
40. Rd4+ Kb5 41. Rxf4 Bg6 42. a4+ Kb6 43. Bg4 Rf8 44. Rxf8 Nxf8 45. Bb4 Nh7 46.
Be7 Bc2 47. Bd7 1-0

[Event "SR 1. liga zapad 2015/2016"]
[Site "?"]
[Date "2015.12.12"]
[Round "5.4"]
[White "Bednar, Jan"]
[Black "Slacky, Stanislav"]
[Result "1/2-1/2"]
[WhiteElo "2107"]
[BlackElo "2179"]
[PlyCount "31"]
[EventDate "2015.??.??"]

1. d4 Nc6 2. e4 d5 3. e5 f6 4. Nf3 Bf5 5. Bb5 Qd7 6. O-O O-O-O 7. c3 a6 8. Ba4
Nh6 9. b4 b5 10. Bb3 fxe5 11. Nxe5 Nxe5 12. dxe5 Nf7 13. Qd4 e6 14. a4 Bxb1 15.
axb5 Qxb5 16. Rxb1 1/2-1/2

[Event "SR 1. liga zapad 2015/2016"]
[Site "?"]
[Date "2015.12.12"]
[Round "5.4"]
[White "Dujava, Daniel"]
[Black "Polacik, Igor"]
[Result "1/2-1/2"]
[WhiteElo "2152"]
[BlackElo "2121"]
[PlyCount "41"]
[EventDate "2015.??.??"]

1. e4 e5 2. Nf3 Nc6 3. Bb5 a6 4. Ba4 d6 5. O-O Bd7 6. d4 Nge7 7. c4 Ng6 8. Nc3
Be7 9. Nd5 O-O 10. Be3 Bg4 11. Bxc6 bxc6 12. Nxe7+ Qxe7 13. h3 exd4 14. Bxd4
Bd7 15. Re1 c5 16. Bc3 f6 17. Nh2 Qf7 18. b3 Bc6 19. Qh5 Ne5 20. Qxf7+ Rxf7 21.
Ng4 1/2-1/2

[Event "SR 1. liga zapad 2015/2016"]
[Site "?"]
[Date "2015.12.12"]
[Round "5.4"]
[White "Krajnak, Robert"]
[Black "Meszaros, Norbert"]
[Result "1-0"]
[WhiteElo "2059"]
[BlackElo "2076"]
[PlyCount "79"]
[EventDate "2015.??.??"]

1. c4 Nf6 2. Nc3 g6 3. g3 Bg7 4. Bg2 O-O 5. Nf3 c5 6. O-O Nc6 7. d3 a6 8. Rb1
b5 9. Be3 Ng4 10. Bxc5 d6 11. Nd4 Nxd4 12. Bxd4 Rb8 13. Bxg7 Kxg7 14. cxb5 axb5
15. b4 f5 16. e3 e5 17. Nd5 Be6 18. Qd2 h5 19. Rbc1 h4 20. Rc7+ Kh6 21. Rfc1
hxg3 22. hxg3 Bxd5 23. Bxd5 f4 24. exf4 exf4 25. Kg2 g5 26. Be4 f3+ 27. Bxf3
Rxf3 28. Kxf3 Ne5+ 29. Kg2 Qg8 30. Qe2 Qd5+ 31. Qe4 Qxe4+ 32. dxe4 Ra8 33. Rb7
Rxa2 34. Rxb5 Ng4 35. Kf3 Ne5+ 36. Rxe5 dxe5 37. Rc5 Ra3+ 38. Kg4 Ra4 39. Rb5
Kg6 40. Rb6+ 1-0

[Event "SR 1. liga zapad 2015/2016"]
[Site "?"]
[Date "2015.12.12"]
[Round "5.4"]
[White "Puchovsky, Ladislav"]
[Black "Nemsak, Denis"]
[Result "0-1"]
[WhiteElo "1944"]
[BlackElo "2107"]
[PlyCount "118"]
[EventDate "2015.??.??"]

1. d4 f5 2. Bg5 c6 3. Nf3 Qb6 4. Qc1 d6 5. c4 Nd7 6. Bf4 g6 7. Nc3 Bg7 8. e3 e5
9. dxe5 dxe5 10. Bg3 Qa5 11. a3 Ngf6 12. Ng5 Nf8 13. Qc2 Nh5 14. Be2 h6 15. Nh3
Nxg3 16. hxg3 Be6 17. b4 Qc7 18. Rb1 Nd7 19. Na4 O-O 20. c5 Nf6 21. Nb2 Rfd8
22. Bc4 Nd5 23. Bb3 b5 24. Nd1 Qf7 25. Nc3 a5 26. Nxd5 Bxd5 27. Bxd5 Qxd5 28.
O-O axb4 29. Rfd1 b3 30. Qxb3 Qxb3 31. Rxd8+ Rxd8 32. Rxb3 Rd1+ 33. Kh2 Rc1 34.
Ng1 Rxc5 35. Nf3 Rc4 36. Nd2 Rc2 37. Rd3 Bf8 38. g4 Kf7 39. gxf5 gxf5 40. Kg3
Ke6 41. Nb1 Rc1 42. Rb3 Kd5 43. Kf3 e4+ 44. Ke2 Rc2+ 45. Nd2 Ra2 46. f3 Bxa3
47. Rb1 Rb2 48. Rxb2 Bxb2 49. f4 c5 50. Nf1 c4 51. Kd2 b4 52. Ng3 Ke6 53. Kc2
Bh8 54. Nf1 b3+ 55. Kd2 c3+ 56. Kc1 h5 57. Ng3 h4 58. Ne2 Kd5 59. Kb1 Kc4 0-1

[Event "SR 1. liga zapad 2015/2016"]
[Site "?"]
[Date "2015.12.12"]
[Round "5.5"]
[White "Motuz, Karol"]
[Black "Vojtek, Vladimir"]
[Result "0-1"]
[WhiteElo "2334"]
[BlackElo "2311"]
[PlyCount "80"]
[EventDate "2015.??.??"]

1. d4 e6 2. c4 b6 3. e4 Bb7 4. f3 Ne7 5. Nc3 Ng6 6. Be3 Bb4 7. Nge2 f5 8. a3
Be7 9. Qd2 Nc6 10. Rd1 O-O 11. exf5 exf5 12. b4 Re8 13. Kf2 a5 14. b5 Nb8 15.
a4 d5 16. g3 dxc4 17. h4 Bd6 18. Bg5 Qd7 19. h5 Nf8 20. Nf4 h6 21. Bxc4+ Kh7
22. Bh4 c6 23. Rhe1 cxb5 24. axb5 Rc8 25. Qd3 Qc7 26. Qxf5+ Kh8 27. Bd5 Ra7 28.
Nce2 Bxd5 29. Nxd5 Qc2 30. Qg4 Re8 31. Ne3 Qb3 32. Nf5 Bb4 33. Nxh6 Qe3+ 34.
Kg2 Qxh6 35. Bg5 Qe6 36. Nf4 Qxg4 37. Rxe8 Qxg5 38. Ng6+ Kg8 39. Rxb8 Bd6 40.
f4 Qd5+ 0-1

[Event "SR 1. liga zapad 2015/2016"]
[Site "?"]
[Date "2015.12.12"]
[Round "5.5"]
[White "Borik, Juraj"]
[Black "Straka, Jozef Ml"]
[Result "0-1"]
[WhiteElo "2168"]
[BlackElo "2302"]
[PlyCount "86"]
[EventDate "2015.??.??"]

1. c4 Nf6 2. Nf3 b6 3. g3 Bb7 4. Bg2 c5 5. O-O e6 6. b3 Be7 7. Bb2 O-O 8. d4
cxd4 9. Qxd4 Nc6 10. Qf4 Qb8 11. Nc3 Qxf4 12. gxf4 Rfd8 13. Rad1 Na5 14. Ne5
Bxg2 15. Kxg2 d6 16. Nf3 Rac8 17. e3 Kf8 18. Rd2 Nb7 19. Rfd1 Nc5 20. Rd4 a6
21. Ne1 Ne8 22. Ne4 f5 23. Nxc5 bxc5 24. R4d3 Bf6 25. Bc1 h6 26. Bd2 g5 27.
fxg5 hxg5 28. f4 Rd7 29. fxg5 Bxg5 30. Nf3 Bf6 31. h4 e5 32. Ng5 Bxg5 33. hxg5
Rg7 34. b4 Rxg5+ 35. Kf2 Nf6 36. bxc5 Ne4+ 37. Kf1 Rc7 38. Rxd6 Rcg7 39. Ke2
Nxc5 40. Be1 Rg2+ 41. Kf3 R7g4 42. e4 fxe4+ 43. Ke3 Rf4 0-1

[Event "SR 1. liga zapad 2015/2016"]
[Site "?"]
[Date "2015.12.12"]
[Round "5.5"]
[White "Jakubek, Peter"]
[Black "Prasek, Ivan"]
[Result "1/2-1/2"]
[WhiteElo "2202"]
[BlackElo "2005"]
[PlyCount "66"]
[EventDate "2015.??.??"]

1. d4 Nf6 2. Bg5 g6 3. Bxf6 exf6 4. e3 Bg7 5. c4 O-O 6. g3 d6 7. Bg2 f5 8. Ne2
Nd7 9. Nbc3 Nf6 10. Qd3 Re8 11. O-O c6 12. b4 Qe7 13. b5 Ne4 14. bxc6 bxc6 15.
Nxe4 fxe4 16. Qb3 Bf5 17. Rab1 Rac8 18. Nc3 Qd7 19. Qa4 Rc7 20. Qa6 Bh3 21.
Bxh3 Qxh3 22. Rb7 Rxb7 23. Qxb7 c5 24. Qc6 Qe6 25. d5 Qe7 26. Nb5 Rd8 27. Rb1
Rd7 28. Rb3 Be5 29. Ra3 Kg7 30. Qa8 Qf6 31. Qc8 Qf3 32. Qxd7 Qd1+ 33. Kg2 Qf3+
1/2-1/2

[Event "SR 1. liga zapad 2015/2016"]
[Site "?"]
[Date "2015.12.12"]
[Round "5.5"]
[White "Pupak, Tomas"]
[Black "Obona, Jan"]
[Result "1/2-1/2"]
[WhiteElo "2038"]
[BlackElo "2209"]
[PlyCount "79"]
[EventDate "2015.??.??"]

1. Nf3 d5 2. c4 c6 3. g3 Nf6 4. Bg2 Bg4 5. Ne5 Be6 6. cxd5 Bxd5 7. Nf3 g6 8.
Nc3 Bg7 9. O-O O-O 10. d3 Bxf3 11. Bxf3 e5 12. Be3 Qe7 13. Qc2 Na6 14. a3 Rfe8
15. b4 Nc7 16. Rab1 a6 17. a4 Ncd5 18. Nxd5 Nxd5 19. Bxd5 cxd5 20. Rfc1 d4 21.
Bd2 Qd7 22. Qb3 Rec8 23. Rc5 b6 24. Rc4 Bf8 25. Rbc1 b5 26. axb5 axb5 27. R4c2
Rxc2 28. Rxc2 Ra4 29. Kg2 Kg7 30. f3 Qb7 31. Kf2 Be7 32. Rc1 Qd7 33. Kg2 h5 34.
h4 Qb7 35. Kf2 Qd7 36. Kg2 Qb7 37. Kf2 Bf6 38. Rc5 Qd7 39. Kg2 Ra1 40. Rc1
1/2-1/2

[Event "SR 1. liga zapad 2015/2016"]
[Site "?"]
[Date "2015.12.12"]
[Round "5.5"]
[White "Kukucka, Matej"]
[Black "Podoba, Milan"]
[Result "1/2-1/2"]
[WhiteElo "2120"]
[BlackElo "2070"]
[PlyCount "38"]
[EventDate "2015.??.??"]

1. d4 d5 2. Nf3 Nf6 3. c4 c6 4. Nc3 e6 5. g3 Nbd7 6. Bg2 Be7 7. O-O O-O 8. Qd3
b6 9. e4 dxe4 10. Nxe4 Bb7 11. Rd1 c5 12. Nfg5 Nxe4 13. Nxe4 f5 14. dxc5 Bxe4
15. Qxd7 Qxd7 16. Rxd7 Rad8 17. c6 Rxd7 18. cxd7 Bxg2 19. Kxg2 Rd8 1/2-1/2

[Event "SR 1. liga zapad 2015/2016"]
[Site "?"]
[Date "2015.12.12"]
[Round "5.5"]
[White "Sukuba, Zdeno"]
[Black "Chovanec, Milan"]
[Result "1/2-1/2"]
[WhiteElo "2130"]
[BlackElo "2127"]
[PlyCount "27"]
[EventDate "2015.??.??"]

1. c4 Nf6 2. Nc3 d5 3. cxd5 Nxd5 4. g3 c5 5. Bg2 Nc7 6. Nf3 Nc6 7. O-O e5 8. d3
Be7 9. Nd2 O-O 10. Nc4 f6 11. f4 exf4 12. Bxf4 Be6 13. Ne3 Qd7 14. Bxc7 1/2-1/2

[Event "SR 1. liga zapad 2015/2016"]
[Site "?"]
[Date "2015.12.12"]
[Round "5.5"]
[White "Mikusik, Marian"]
[Black "Bombek, Peter"]
[Result "0-1"]
[WhiteElo "2068"]
[BlackElo "2161"]
[PlyCount "54"]
[EventDate "2015.??.??"]

1. d3 d5 2. Nd2 Nf6 3. Ngf3 e6 4. b3 b6 5. Bb2 Bb7 6. e3 Nbd7 7. Be2 Bd6 8. c4
Qe7 9. Qc2 c5 10. e4 d4 11. g3 O-O 12. Nh4 Ne8 13. Ndf3 f5 14. exf5 exf5 15.
Bc1 Nc7 16. Bg5 Qf7 17. O-O-O a5 18. a4 Rae8 19. Kb2 h6 20. Bf4 Re6 21. Bxd6
Rxd6 22. Ng2 Re8 23. Rde1 Ne5 24. Qd1 Ng4 25. Ref1 Qe7 26. Nf4 g5 27. h3 gxf4
0-1

[Event "SR 1. liga zapad 2015/2016"]
[Site "?"]
[Date "2015.12.12"]
[Round "5.5"]
[White "Orgon, Dusan"]
[Black "Belak, Stefan"]
[Result "1-0"]
[WhiteElo "2023"]
[BlackElo "1952"]
[PlyCount "71"]
[EventDate "2015.??.??"]

1. e4 e6 2. d4 d5 3. Nd2 c5 4. exd5 Qxd5 5. Ngf3 cxd4 6. Bc4 Qd6 7. O-O Nf6 8.
Nb3 Nc6 9. Nbxd4 Nxd4 10. Nxd4 Bd7 11. Nb5 Qc5 12. Qe2 a6 13. Be3 Qc8 14. Nd4
Qc7 15. Bb3 Bd6 16. h3 h5 17. Nf5 Bf8 18. Bd4 Qf4 19. Bxf6 gxf6 20. Ne3 Bc6 21.
Bd5 Bd6 22. Bxc6+ bxc6 23. g3 Rg8 24. Ng2 Qf5 25. Rad1 Rd8 26. Qxa6 Qxc2 27. b4
Ke7 28. Rc1 Qe4 29. Rc4 Qf3 30. Qxc6 Rxg3 31. fxg3 Qxg3 32. Qf3 Qh2+ 33. Kf2
Bg3+ 34. Ke2 Be5 35. Rd1 Rg8 36. Qb7+ 1-0

[Event "SR 1. liga zapad 2015/2016"]
[Site "?"]
[Date "2015.12.12"]
[Round "5.6"]
[White "Gasa, Andrej"]
[Black "Lanc, Alois"]
[Result "1/2-1/2"]
[WhiteElo "2302"]
[BlackElo "2318"]
[PlyCount "28"]
[EventDate "2015.??.??"]

1. d4 d6 2. e4 Nf6 3. Nc3 e5 4. Nf3 Nbd7 5. a4 g6 6. Bc4 Bg7 7. O-O O-O 8. Re1
h6 9. h3 c6 10. Be3 Kh7 11. dxe5 dxe5 12. Qd6 Ne8 13. Qd3 Qe7 14. Rad1 Qb4
1/2-1/2

[Event "SR 1. liga zapad 2015/2016"]
[Site "?"]
[Date "2015.12.12"]
[Round "5.6"]
[White "Kavon, Rastislav"]
[Black "Rohacek, Miroslav"]
[Result "1/2-1/2"]
[WhiteElo "2160"]
[BlackElo "2294"]
[PlyCount "129"]
[EventDate "2015.??.??"]

1. e4 c5 2. Nf3 d6 3. d4 cxd4 4. Nxd4 Nf6 5. Nc3 a6 6. h3 e5 7. Nb3 Be6 8. f4
Nc6 9. f5 Bxb3 10. axb3 Nb4 11. Bg5 Rc8 12. Bc4 Be7 13. Bxf6 Bxf6 14. O-O b5
15. Bd3 Qb6+ 16. Kh1 O-O 17. Qd2 Rfd8 18. Ne2 Nc6 19. Ng3 h6 20. Nh5 Bg5 21.
Qe1 Qe3 22. Qxe3 Bxe3 23. c3 Nb8 24. h4 Bb6 25. Rf3 Kh8 26. Ng3 Rd7 27. f6 g6
28. h5 Kh7 29. b4 Rg8 30. Bc2 gxh5 31. Nf5 Rg6 32. Ne7 Rg4 33. Nd5 Bd8 34. Rh3
Kg6 35. Rf1 Rb7 36. Rhf3 Nd7 37. Ne7+ Kh7 38. Bb3 Rh4+ 39. Rh3 Rf4 40. Rxf4
exf4 41. Bc2 Ne5 42. Nd5 Ra7 43. Rxh5 a5 44. Rf5 axb4 45. Rxf4 Ra1+ 46. Kh2
bxc3 47. Nxc3 Bxf6 48. Rxf6 Rc1 49. Rxd6 Rxc2 50. Nxb5 Rxb2 51. Nd4 Ng4+ 52.
Kg3 Ne3 53. Kf3 Nxg2 54. Nf5 Ne1+ 55. Ke3 Rh2 56. Rf6 Rh3+ 57. Ke2 Nc2 58.
Rxf7+ Kg6 59. Rf8 Nb4 60. Ne7+ Kg7 61. Rf3 Rh2+ 62. Rf2 Rh5 63. Nf5+ Kg6 64.
Ne7+ Kg7 65. Nf5+ 1/2-1/2

[Event "SR 1. liga zapad 2015/2016"]
[Site "?"]
[Date "2015.12.12"]
[Round "5.6"]
[White "Cajka, Tibor"]
[Black "Bango, Lukas"]
[Result "1-0"]
[WhiteElo "2121"]
[BlackElo "2052"]
[PlyCount "97"]
[EventDate "2015.??.??"]

1. e4 c5 2. d4 cxd4 3. c3 d5 4. exd5 Qxd5 5. cxd4 e6 6. Nc3 Qd8 7. Nf3 Nf6 8.
Bc4 Be7 9. O-O O-O 10. Re1 a6 11. a4 Nc6 12. Bf4 Nb4 13. Qb3 Nc6 14. Rad1 Na5
15. Qa2 Nxc4 16. Qxc4 Qb6 17. Ne5 Rd8 18. Nxf7 Kxf7 19. Bc7 Qc6 20. Qxc6 bxc6
21. Bxd8 Bxd8 22. b4 Rb8 23. Rb1 Bd7 24. Rb3 Nd5 25. Nxd5 cxd5 26. a5 Bxa5 27.
Rf3+ Ke7 28. bxa5 Rb4 29. Rf4 Ra4 30. Rh4 h6 31. Rg4 Kf7 32. Rf4+ Ke7 33. h4
Rxa5 34. Re3 Be8 35. Rg3 Ra1+ 36. Kh2 g6 37. Rb3 Bb5 38. Rc3 Kd6 39. Rf6 Be8
40. Re3 Bd7 41. Rxg6 Rd1 42. Ra3 Bb5 43. Rxh6 Rxd4 44. h5 Bd3 45. Rh8 Ke5 46.
h6 Kf6 47. Rxd3 Rxd3 48. Rg8 Rd4 49. g3 1-0

[Event "SR 1. liga zapad 2015/2016"]
[Site "?"]
[Date "2015.12.12"]
[Round "5.6"]
[White "Puskar, Peter"]
[Black "Karas, Marek"]
[Result "1-0"]
[WhiteElo "2128"]
[BlackElo "2288"]
[PlyCount "63"]
[EventDate "2015.??.??"]

1. d4 e6 2. g3 Nf6 3. Bg2 c5 4. Nf3 d5 5. O-O cxd4 6. Nxd4 e5 7. Nf3 Nc6 8. b3
Bc5 9. Bb2 Qe7 10. c4 dxc4 11. bxc4 O-O 12. Nc3 e4 13. Ng5 Bf5 14. Nd5 Nxd5 15.
Qxd5 Bg4 16. Nxe4 Bb6 17. c5 Ba5 18. Bf3 Bxf3 19. exf3 Rad8 20. Nd6 Bb4 21.
Rad1 Qe2 22. Bxg7 Kxg7 23. Qg5+ Kh8 24. Qf6+ Kg8 25. Rd5 h6 26. Qxh6 Ne5 27.
Qg5+ Ng6 28. h4 Kh7 29. h5 Nh8 30. Qf5+ Kg7 31. Qg4+ Kh7 32. Qxb4 1-0

[Event "SR 1. liga zapad 2015/2016"]
[Site "?"]
[Date "2015.12.12"]
[Round "5.6"]
[White "Jablonicky, Martin"]
[Black "Szitkey, Milan"]
[Result "1-0"]
[WhiteElo "2214"]
[BlackElo "2110"]
[PlyCount "59"]
[EventDate "2015.??.??"]

1. d4 d5 2. c4 e6 3. Nc3 Nf6 4. cxd5 exd5 5. Bg5 Be7 6. e3 O-O 7. Bd3 c6 8.
Nge2 Nbd7 9. O-O Re8 10. f3 Nh5 11. Bxe7 Qxe7 12. e4 dxe4 13. fxe4 Ndf6 14. e5
Nd5 15. Nxd5 cxd5 16. Nc3 Qh4 17. Nb5 Bg4 18. Qe1 Qxe1 19. Raxe1 Re7 20. Nc3
Be6 21. Be2 g6 22. Bxh5 gxh5 23. Re3 Rc8 24. Rf4 Rec7 25. Rg3+ Kf8 26. Rg5 Rc4
27. Rxh5 Rb4 28. Rxh7 Ke7 29. Rfxf7+ Bxf7 30. Nxd5+ 1-0

[Event "SR 1. liga zapad 2015/2016"]
[Site "?"]
[Date "2015.12.12"]
[Round "5.6"]
[White "Miklas, Marian"]
[Black "Jablonicky, Frantisek"]
[Result "1/2-1/2"]
[WhiteElo "2122"]
[BlackElo "2127"]
[PlyCount "60"]
[EventDate "2015.??.??"]

1. Nf3 f5 2. d3 d5 3. g3 Nf6 4. Bg2 c5 5. c4 e6 6. cxd5 exd5 7. O-O Be7 8. Qb3
Qb6 9. Nc3 Qxb3 10. axb3 Nc6 11. e4 fxe4 12. dxe4 d4 13. Nd5 Nxd5 14. exd5 Nb4
15. Ne5 O-O 16. Nc4 Bd8 17. Bf4 Nd3 18. Bd2 Bd7 19. d6 Bc6 20. Bxc6 bxc6 21.
Ba5 Rb8 22. Bxd8 Rfxd8 23. Rxa7 Rxb3 24. Rc7 Nxb2 25. Ne5 Nd3 26. Nxd3 Rxd3 27.
Re1 Rf3 28. Ree7 Rxd6 29. Rxg7+ Kf8 30. Rxh7 Kg8 1/2-1/2

[Event "SR 1. liga zapad 2015/2016"]
[Site "?"]
[Date "2015.12.12"]
[Round "5.6"]
[White "Bury, Rastislav"]
[Black "Drtina, Milan"]
[Result "1/2-1/2"]
[WhiteElo "2130"]
[BlackElo "2183"]
[PlyCount "36"]
[EventDate "2015.??.??"]

1. d4 Nf6 2. Nf3 g6 3. g3 Bg7 4. Bg2 O-O 5. O-O d5 6. c4 c6 7. cxd5 cxd5 8. Nc3
Nc6 9. Ne5 Nxe5 10. dxe5 Ng4 11. Nxd5 Nxe5 12. Bg5 Nc6 13. Nxe7+ Nxe7 14. Qxd8
Rxd8 15. Bxe7 Re8 16. Ba3 Rxe2 17. Rae1 Rxe1 18. Rxe1 Be6 1/2-1/2

[Event "SR 1. liga zapad 2015/2016"]
[Site "?"]
[Date "2015.12.12"]
[Round "5.6"]
[White "Puchart, Vladimir"]
[Black "Diviak, Rastislav"]
[Result "1-0"]
[WhiteElo "2031"]
[BlackElo "1942"]
[PlyCount "113"]
[EventDate "2015.??.??"]

1. d4 Nf6 2. c4 g6 3. Nc3 Bg7 4. e4 d6 5. f3 O-O 6. Be3 e5 7. Nge2 Nbd7 8. Qd2
c6 9. O-O-O Qc7 10. Kb1 a6 11. Bh6 b5 12. g4 Qa5 13. Bxg7 Kxg7 14. Ng3 Nb6 15.
c5 b4 16. dxe5 dxe5 17. cxb6 bxc3 18. Qxc3 Qxc3 19. bxc3 Rb8 20. Bc4 Rxb6+ 21.
Kc2 Be6 22. Bxe6 fxe6 23. g5 Ne8 24. Rd7+ Rf7 25. Rhd1 Rb7 26. Rxb7 Rxb7 27.
Rd8 Kf8 28. Nf1 Rf7 29. Nd2 Ke7 30. Rb8 Nd6 31. Ra8 Nb5 32. Rxa6 Rf4 33. Rxc6
Rh4 34. Rc5 Nd6 35. a4 Rxh2 36. a5 Kd7 37. a6 Nc8 38. Rb5 Kc6 39. Rb8 Kc7 40.
Rb1 Kc6 41. Kd3 h5 42. gxh6 Rxh6 43. Nc4 Rh2 44. Nxe5+ Kc5 45. Rb7 Nb6 46. Nd7+
Nxd7 47. Rxd7 Rh1 48. a7 Rd1+ 49. Ke3 Ra1 50. e5 Kc4 51. Kf4 Ra5 52. Kg4 g5 53.
Kxg5 Rxe5+ 54. Kf6 Ra5 55. Kxe6 Kxc3 56. f4 Ra6+ 57. Ke7 1-0

[Event "SR 1. liga zapad 2015/2016"]
[Site "?"]
[Date "2015.12.13"]
[Round "6.1"]
[White "Chovan, Milan Ml"]
[Black "Berczes, Csaba"]
[Result "1/2-1/2"]
[WhiteElo "2266"]
[BlackElo "2366"]
[PlyCount "101"]
[EventDate "2015.??.??"]

1. c4 Nf6 2. Nc3 e6 3. e4 d5 4. e5 d4 5. exf6 dxc3 6. bxc3 Qxf6 7. d4 e5 8. Nf3
exd4 9. Bg5 Qe6+ 10. Be2 Be7 11. cxd4 Bxg5 12. Nxg5 Qf6 13. Qd2 O-O 14. Ne4 Qe7
15. Ng3 Rd8 16. O-O Nc6 17. d5 Ne5 18. Qe3 Ng6 19. Qxe7 Nxe7 20. Rfe1 Kf8 21.
Rad1 b6 22. Bf3 Rb8 23. Ne4 Bf5 24. Nc3 a6 25. Ne2 Rd6 26. Nd4 Bd7 27. Rd3 Re8
28. Rde3 g6 29. h3 Nc8 30. Nb3 Rxe3 31. fxe3 c5 32. Nd2 Be8 33. e4 f6 34. Bg4
Rd8 35. Rb1 Bd7 36. Bxd7 Rxd7 37. a4 Ke7 38. Kf2 Rb7 39. Ke3 Nd6 40. Kd3 Kd8
41. g4 Nf7 42. Nf3 a5 43. h4 Ke7 44. Ke3 Ne5 45. Nxe5 fxe5 46. g5 Rb8 47. Rb2
Rb7 48. Rf2 Rd7 49. Rf6 Rd6 50. Rxd6 Kxd6 51. Kd3 1/2-1/2

[Event "SR 1. liga zapad 2015/2016"]
[Site "?"]
[Date "2015.12.13"]
[Round "6.1"]
[White "Farkas, Gabor"]
[Black "Briestensky, Rastislav St"]
[Result "1-0"]
[WhiteElo "2345"]
[BlackElo "2339"]
[PlyCount "159"]
[EventDate "2015.??.??"]

1. d4 Nf6 2. c4 e6 3. Nf3 Bb4+ 4. Bd2 Qe7 5. g3 O-O 6. Bg2 Bxd2+ 7. Qxd2 d6 8.
Nc3 c6 9. O-O e5 10. e4 Re8 11. d5 cxd5 12. cxd5 Na6 13. Rfc1 Bd7 14. Ne1 Rec8
15. Nd3 Nc5 16. b4 Na4 17. Nxa4 Bxa4 18. Nb2 Bd7 19. a4 Qd8 20. Nc4 Be8 21. f4
b5 22. fxe5 bxc4 23. exf6 Qxf6 24. Qc3 Qd8 25. Bh3 Qb6+ 26. Kg2 Rc7 27. a5 Qb5
28. Bg4 Rb8 29. Rab1 Qb7 30. Qd4 Bb5 31. Rc3 Re8 32. h4 Rce7 33. Re3 Re5 34.
Rbe1 Qe7 35. Kf2 g6 36. Bh3 Ba6 37. Bf1 Qb7 38. Qc3 Qb5 39. Bg2 R8e7 40. Rf3
Qb7 41. Rf6 Qb8 42. Bf3 Rb7 43. Rb1 Kg7 44. Rf4 Qe8 45. h5 Qb8 46. Be2 Bb5 47.
hxg6 fxg6 48. Bg4 h5 49. Be6 Qd8 50. Kg2 Qg5 51. Qf3 Be8 52. Rb2 Rc7 53. Rf8
Qe7 54. Rg8+ Kh7 55. Qf8 Qxf8 56. Rxf8 c3 57. Rc2 Ba4 58. Rc1 Rxe4 59. Rb8 c2
60. b5 Rb4 61. b6 axb6 62. a6 Ra7 63. Rb7+ Kh6 64. Rxa7 Rb1 65. Rc7 Rxc1 66. a7
Bc6 67. Rxc6 Ra1 68. Rxc2 Rxa7 69. Rc6 Ra2+ 70. Kf1 Ra3 71. Rxd6 Rxg3 72. Rxb6
h4 73. d6 h3 74. Rb8 Rd3 75. d7 Rd1+ 76. Kf2 h2 77. Rh8+ Kg7 78. Rxh2 Rd6 79.
Bg4 g5 80. Ke3 1-0

[Event "SR 1. liga zapad 2015/2016"]
[Site "?"]
[Date "2015.12.13"]
[Round "6.1"]
[White "Martiska, Peter"]
[Black "Janko, Michal"]
[Result "1/2-1/2"]
[WhiteElo "2234"]
[BlackElo "2271"]
[PlyCount "40"]
[EventDate "2015.??.??"]

1. e4 Nf6 2. e5 Nd5 3. d4 d6 4. Nf3 Bg4 5. Be2 e6 6. O-O Be7 7. exd6 cxd6 8. c4
Nb6 9. Nbd2 O-O 10. b3 Nc6 11. Bb2 d5 12. c5 Nc8 13. Bc3 Bf6 14. b4 Re8 15. b5
N6e7 16. h3 Bxf3 17. Nxf3 Ng6 18. Re1 b6 19. Qb3 Qc7 20. Rac1 Nce7 1/2-1/2

[Event "SR 1. liga zapad 2015/2016"]
[Site "?"]
[Date "2015.12.13"]
[Round "6.1"]
[White "Janko, Ladislav"]
[Black "Jancovic, Peter"]
[Result "1/2-1/2"]
[WhiteElo "2164"]
[BlackElo "2179"]
[PlyCount "121"]
[EventDate "2015.??.??"]

1. e4 c5 2. Nf3 d6 3. c3 Nf6 4. h3 Nc6 5. Bd3 g6 6. Bc2 Bg7 7. O-O O-O 8. Qe2
Nh5 9. Rd1 e5 10. d3 Be6 11. Na3 h6 12. d4 cxd4 13. cxd4 exd4 14. Ba4 Qb6 15.
Nc2 Rfe8 16. Bxc6 bxc6 17. Nfxd4 Bd5 18. Nf5 gxf5 19. Qxh5 Bxe4 20. Bxh6 Bxh6
21. Qxh6 Re6 22. Qd2 Kh7 23. Ne1 Rg8 24. Kh2 Qb5 25. Qf4 Qxb2 26. f3 Reg6 27.
Qh4+ Rh6 28. Qf4 Bd5 29. Qxf5+ Rhg6 30. Rab1 Qf2 31. Rb4 Be6 32. Qe4 Qc5 33.
Qd4 Qxd4 34. Rbxd4 Bxa2 35. Rxd6 Rxd6 36. Rxd6 Bd5 37. Nc2 a5 38. Ne3 Ra8 39.
Nxd5 cxd5 40. Rxd5 a4 41. Rd2 a3 42. Ra2 Kg6 43. Kg3 Kf5 44. Kf2 Kf4 45. g3+
Ke5 46. Ke3 f5 47. f4+ Kd5 48. Kf3 Kc4 49. g4 Kb3 50. Ra1 Kb2 51. Re1 fxg4+ 52.
hxg4 a2 53. g5 a1=Q 54. Rxa1 Rxa1 55. f5 Kc3 56. Ke4 Kc4 57. Ke5 Re1+ 58. Kd6
Rg1 59. g6 Kd4 60. Ke6 Ke4 61. Kf7 1/2-1/2